Daily Capital City Riddle #163 - Statistics

General Stats
  • This quiz has been taken 27 times
  • The average score is 30 of 32
Answer Stats
Type Answer % Correct
Alphabet Letter D
100%
Alphabet Letter K
100%
Alphabet Letter N
100%
Alphabet Letter O
100%
Alphabet Letter S
100%
Found Letter T
100%
Correctly Placed Letter A
96%
Correctly Placed Letter A
96%
Found Letter A
96%
Alphabet Letter C
96%
Alphabet Letter E
96%
Alphabet Letter G
96%
Alphabet Letter I
96%
Alphabet Letter L
96%
Alphabet Letter M
96%
Alphabet Letter P
96%
Found Letter R
96%
Alphabet Letter U
96%
Alphabet Letter W
96%
Found Letter B
92%
Alphabet Letter H
92%
Correctly Placed Letter R
92%
Alphabet Letter V
92%
Alphabet Letter Y
92%
Alphabet Letter J
88%
Alphabet Letter Z
88%
Correctly Placed Letter B
83%
Alphabet Letter F
83%
Alphabet Letter Q
83%
Mystery Capital Rabat
83%
Correctly Placed Letter T
83%
Alphabet Letter X
83%
No matching quizzes found
Score Distribution
Percent of People with Each Score
Percentile by Number Answered
Your Score History
You have not taken this quiz